000
00271nam a2200109Ia 4500
008
190913s9999||||xx |||||||||||||| ||und||
100
_a
Steven Holzner
245
0
_a
Visual Basic 6 Programmeing black book
260
_a
New Delhi
_b
BPB
_c
2000
300
_a
617
942
_c
BK
999
_c
7936
_d
7936